000
00361nam a2200133Ia 4500
008
151001s9999||||xx |||||||||||||| ||und||
100
_a
द का हसमनीस
245
_a
नामदार
250
_a
1
260
_b
गुलमोहर प्रकाशन सातारा
260
_c
1982
300
_a
151
365
_b
18
999
_c
963700
_d
963697